| 000 | 00421nam a2200169Ia 4500 | ||
|---|---|---|---|
| 001 | 21269 | ||
| 003 | IN-NITTTR | ||
| 005 | 20251114233242.0 | ||
| 008 | 251113s9999||||xx |||||||||||||| ||eng|| | ||
| 040 | _beng | ||
| 040 | _cIN-NITTTR | ||
| 041 | _aeng | ||
| 082 | _a658.812 B624M R | ||
| 100 | _aBlumberg, Donald F. | ||
| 245 | 0 |
_aManaging service as a strategic profit center / _cBlumberg, Donald F. |
|
| 942 |
_2ddc _cBK |
||
| 999 |
_c23899 _d23899 |
||